[Event "Championnat de Paris open Fide"]
[Site "Paris"]
[Date "2016.07.13"]
[Round "5.10"]
[White "Spielmann, Alain"]
[Black "Mohammad Nubairshah"]
[Result "0-1"]
[WhiteElo "2252"]
[BlackElo "2415"]
[PlyCount "155"]
[EventDate "2016.??.??"]

1. c4 Nf6 2. g3 g6 3. Bg2 Bg7 4. Nc3 O-O 5. e4 d6 6. Nge2 c5 7. O-O Nc6 8. d3
a6 9. a4 Rb8 10. h3 Ne8 11. Be3 Nc7 12. d4 cxd4 13. Nxd4 Ne6 14. Nde2 Nc5 15.
Rb1 a5 16. f4 Be6 17. b3 f5 18. e5 Ne4 19. Nxe4 fxe4 20. exd6 exd6 21. Nd4 Nxd4
22. Bxd4 d5 23. Bxg7 Kxg7 24. cxd5 Qxd5 25. Qxd5 Bxd5 26. Rfe1 Rfe8 27. b4 axb4
28. Rxb4 Re7 29. a5 Ra8 30. Rb5 Bc6 31. Rc5 Re6 32. Rec1 Rd6 33. Bf1 Bd7 34.
Re5 Kf6 35. Bg2 Bc6 36. Bxe4 Bxe4 37. Rxe4 Rxa5 38. Rb1 Ra2 39. Re5 Rdd2 40.
Rb6+ Kg7 41. Rxb7+ Kh6 42. Rb1 Rg2+ 43. Kf1 Rxg3 44. Re2 Ra4 45. Rf2 Rxh3 46.
Kg2 Raa3 47. Rb7 Rag3+ 48. Kf1 Rh1+ 49. Ke2 Ra3 50. Rf7 Ra5 51. Kf3 Rh3+ 52.
Kg2 Rah5 53. Re7 Rh1 54. Rd7 R1h2+ 55. Kf3 R5h3+ 56. Ke2 Rh1 57. Rf7 Ra1 58.
Rd7 Ra4 59. Rf7 Rh5 60. Rd7 Rh4 61. Rf7 Ra5 62. Kf3 Rh3+ 63. Kg2 Rah5 64. Rd7
Rh2+ 65. Kf3 R5h3+ 66. Ke2 Rh1 67. Rf7 Ra1 68. Rd7 Ra8 69. Kf1 Raa3 70. Rf7 Rh4
71. Kg2 Rg4+ 72. Kf1 Rh3 73. Ke2 Rg1 74. Rd7 Rb1 75. Rf7 Rh5 76. Rd7 Rb6 77.
Kf3 Rf6 78. Kg3 0-1

[Event "Championnat de Paris open Fide"]
[Site "Paris"]
[Date "2016.07.13"]
[Round "5.11"]
[White "Bergez, Luc"]
[Black "Antonio, Viani D'Cunha"]
[Result "1/2-1/2"]
[WhiteElo "2341"]
[BlackElo "2305"]
[PlyCount "106"]
[EventDate "2016.??.??"]

1. e4 c5 2. Nf3 e6 3. b3 d5 4. exd5 exd5 5. Bb5+ Nc6 6. Qe2+ Be7 7. Bb2 Nf6 8.
Bxf6 gxf6 9. d4 Rg8 10. Nbd2 Be6 11. dxc5 Bxc5 12. O-O Kf8 13. Bxc6 bxc6 14.
Qd3 Qd6 15. c3 Qf4 16. Nd4 Bxd4 17. cxd4 Rg4 18. Rac1 Rc8 19. Nf3 Bf5 20. Qe3
Qd6 21. Rfe1 Re4 22. Qh6+ Kg8 23. Rxe4 dxe4 24. Nh4 Bg6 25. Qe3 Rd8 26. Nxg6
hxg6 27. Qxe4 Qxd4 28. Qxd4 Rxd4 29. Kf1 Rd2 30. Rxc6 Rxa2 31. Rxf6 Rb2 32. Rf3
Kg7 33. g4 g5 34. Rf5 Kg6 35. Rb5 f6 36. Kg2 a6 37. Rb6 a5 38. Rb5 Ra2 39. Kg3
a4 40. bxa4 Rxa4 41. f3 Ra1 42. h4 gxh4+ 43. Kxh4 Ra4 44. Rb3 Rc4 45. Kg3 Kg5
46. Rb5+ Kg6 47. f4 Rc1 48. Rb6 Rg1+ 49. Kf3 Kg7 50. Rb7+ Kg6 51. f5+ Kh6 52.
Rf7 Rxg4 53. Rxf6+ Kg7 1/2-1/2

[Event "Championnat de Paris open Fide"]
[Site "Paris"]
[Date "2016.07.13"]
[Round "5.12"]
[White "Song, Julien"]
[Black "Albaric, Etienne"]
[Result "1-0"]
[WhiteElo "2338"]
[BlackElo "2209"]
[PlyCount "55"]
[EventDate "2016.??.??"]

1. Nf3 d5 2. c4 e6 3. g3 Nf6 4. Bg2 Be7 5. O-O O-O 6. b3 b6 7. d4 Bb7 8. Ne5 c5
9. Bb2 Nc6 10. dxc5 bxc5 11. cxd5 exd5 12. Nd3 Qd6 13. Nc3 Rfd8 14. Rc1 c4 15.
Nb5 Qd7 16. Nf4 Na5 17. Nd4 cxb3 18. axb3 Nc6 19. Bh3 Qe8 20. Nf5 d4 21. Rc4
Bb4 22. Qc1 Bc3 23. Bxc3 dxc3 24. Qxc3 Ne7 25. Nxg7 Kxg7 26. Nh5+ Kf8 27. Qxf6
Ng6 28. Rc7 1-0

[Event "Championnat de Paris open Fide"]
[Site "Paris"]
[Date "2016.07.13"]
[Round "5.13"]
[White "Msellek, Ilyass"]
[Black "Cotonnec, Melkior"]
[Result "1/2-1/2"]
[WhiteElo "2209"]
[BlackElo "2313"]
[PlyCount "146"]
[EventDate "2016.??.??"]

1. Nf3 e6 2. e3 f5 3. b3 Nf6 4. Bb2 b6 5. Be2 Bb7 6. c4 Bd6 7. Nc3 O-O 8. Qc2
Ne4 9. d3 Nxc3 10. Bxc3 Qe7 11. d4 a5 12. h3 a4 13. O-O Be4 14. Qd1 Bb4 15. Qd2
Nc6 16. Rfc1 Bxc3 17. Qxc3 Qb4 18. Qb2 f4 19. Nd2 a3 20. Qc3 Bg6 21. Bf3 Qxc3
22. Rxc3 fxe3 23. fxe3 Ra5 24. Bxc6 dxc6 25. Nf3 c5 26. Ne5 Be4 27. dxc5 Rf5
28. b4 Ra4 29. Nd3 Bxd3 30. Rxd3 Rxb4 31. cxb6 cxb6 32. Rxa3 Rxc4 33. Ra8+ Kf7
34. Rf1 Rc2 35. Rb8 Rb2 36. a4 Rb4 37. g4 Rxf1+ 38. Kxf1 Rxa4 39. Rxb6 Ra2 40.
h4 Rh2 41. Rb7+ Kf6 42. g5+ Kg6 43. Rb4 Kh5 44. Rb7 Kg6 45. Rb4 e5 46. Rb6+ Kf5
47. Rb7 Kg6 48. Rb6+ Kf5 49. Rb7 Rxh4 50. Rxg7 Rh2 51. Kg1 Re2 52. Rxh7 Kxg5
53. Kf1 Rxe3 54. Kf2 Ra3 55. Ke2 Kf4 56. Rh4+ Kf5 57. Rh8 Ke4 58. Rh4+ Kd5 59.
Rh8 Kd4 60. Rd8+ Ke4 61. Rh8 Ra2+ 62. Ke1 Kd4 63. Rh4+ e4 64. Rh3 Rg2 65. Ra3
Rc2 66. Rh3 Rc3 67. Rxc3 Kxc3 68. Ke2 Kd4 69. Kd2 e3+ 70. Ke2 Ke4 71. Ke1 Kd3
72. Kd1 e2+ 73. Ke1 Ke3 1/2-1/2

[Event "Championnat de Paris open Fide"]
[Site "Paris"]
[Date "2016.07.13"]
[Round "5.14"]
[White "Salles, Louis"]
[Black "Iglesias, Joachim"]
[Result "1/2-1/2"]
[WhiteElo "2207"]
[BlackElo "2281"]
[PlyCount "65"]
[EventDate "2016.??.??"]

1. e4 d6 2. d4 Nf6 3. Nc3 e5 4. Nge2 c6 5. g3 b5 6. a3 Nbd7 7. Bg2 Be7 8. O-O
O-O 9. h3 a5 10. g4 Ba6 11. Ng3 b4 12. Nce2 d5 13. exd5 Nxd5 14. Re1 Re8 15.
dxe5 Nxe5 16. Nd4 Bc5 17. Rxe5 Rxe5 18. Nxc6 Qh4 19. Nh1 Re2 20. Qxd5 Bxf2+ 21.
Kh2 Bg1+ 22. Kxg1 Qe1+ 23. Kh2 Bb7 24. Ng3 Rxc2 25. Bg5 Qxa1 26. Ne7+ Kf8 27.
Qxb7 Re8 28. Ngf5 Qxb2 29. axb4 Qe5+ 30. Kg1 Qe1+ 31. Kh2 Qe5+ 32. Kg1 Qe1+ 33.
Kh2 1/2-1/2

[Event "Championnat de Paris open Fide"]
[Site "Paris"]
[Date "2016.07.13"]
[Round "5.15"]
[White "Roser, Kevin"]
[Black "Maleki, Manuel"]
[Result "1-0"]
[WhiteElo "2394"]
[BlackElo "2248"]
[PlyCount "67"]
[EventDate "2016.??.??"]

1. e4 c5 2. Nf3 e6 3. d4 cxd4 4. Nxd4 a6 5. Bd3 Ne7 6. O-O Nbc6 7. Nb3 g6 8. c4
Bg7 9. Nc3 O-O 10. Bg5 b6 11. Qd2 d6 12. Be2 Ra7 13. Rfd1 Rd7 14. Rac1 Nb8 15.
Na4 Bb7 16. Qe3 f6 17. Bh4 Nc8 18. Bg4 Re8 19. Nd4 Rde7 20. e5 f5 21. exd6 Qxd6
22. Bxe7 Qxe7 23. Bf3 e5 24. Bxb7 Qxb7 25. Nb3 Qc6 26. Nc3 Qxc4 27. Nd5 Qg4 28.
f3 Qh4 29. g3 Qd8 30. Nc7 Qe7 31. Nxe8 Qxe8 32. Rxc8 Qxc8 33. Qxb6 Nd7 34. Qe6+
1-0

[Event "Championnat de Paris open Fide"]
[Site "Paris"]
[Date "2016.07.13"]
[Round "5.16"]
[White "Mohammad, Fahim"]
[Black "Bellahcene, Bilel"]
[Result "0-1"]
[WhiteElo "2244"]
[BlackElo "2498"]
[PlyCount "70"]
[EventDate "2016.??.??"]

1. d4 d5 2. c4 e6 3. Nf3 c6 4. e3 f5 5. g3 Nf6 6. Bg2 Bd6 7. O-O O-O 8. b3 Qe7
9. a4 a5 10. Ba3 Bxa3 11. Nxa3 Na6 12. Nc2 b6 13. Nce1 Bb7 14. Ne5 c5 15. cxd5
Nxd5 16. N1d3 Rad8 17. Re1 Nab4 18. Rc1 Rfe8 19. Nc4 Nxd3 20. Qxd3 Nb4 21. Qd2
Bxg2 22. Kxg2 e5 23. Rcd1 Qb7+ 24. Kg1 e4 25. Qc3 Nd3 26. dxc5 Nxe1 27. Qxe1
Rxd1 28. Qxd1 bxc5 29. Nxa5 Qa8 30. Qd7 Qd8 31. Qc6 f4 32. Nc4 fxg3 33. hxg3
Qd1+ 34. Kh2 Rf8 35. Qe6+ Kh8 0-1

[Event "Championnat de Paris open Fide"]
[Site "Paris"]
[Date "2016.07.13"]
[Round "5.17"]
[White "Dubois, Loic"]
[Black "Battaglini, Gabriel"]
[Result "1-0"]
[WhiteElo "2271"]
[BlackElo "2462"]
[PlyCount "79"]
[EventDate "2016.??.??"]

1. e4 c5 2. Nc3 Nc6 3. f4 a6 4. Nf3 b5 5. g3 Bb7 6. Bg2 e6 7. O-O d6 8. d3 Nf6
9. h3 Be7 10. Be3 Qc7 11. Qd2 d5 12. exd5 exd5 13. Bf2 d4 14. Ne2 O-O 15. g4
Rad8 16. Rae1 Nd5 17. f5 Bd6 18. Ng5 Nf4 19. Ne4 Nxg2 20. Kxg2 Nb4 21. f6 Rfe8
22. Qg5 g6 23. Bg3 Qc6 24. Bxd6 Qxd6 25. N2g3 Nxc2 26. Nf5 Qf8 27. Ne7+ Kh8 28.
Qxc5 Nxe1+ 29. Rxe1 Rd5 30. Qc7 Ba8 31. Kg3 Red8 32. Nc5 R5d6 33. g5 h5 34. Nb7
Bxb7 35. Qxb7 R8d7 36. Qe4 Kh7 37. Rc1 Qd8 38. Rc8 Qa5 39. Rf8 Qxa2 40. Qa8 1-0

[Event "Championnat de Paris open Fide"]
[Site "Paris"]
[Date "2016.07.13"]
[Round "5.18"]
[White "Eggleston, David J"]
[Black "Aranaz Murillo, Amalia"]
[Result "1-0"]
[WhiteElo "2376"]
[BlackElo "2255"]
[PlyCount "115"]
[EventDate "2016.??.??"]

1. e4 e6 2. d4 d5 3. Nc3 Nf6 4. Bg5 dxe4 5. Nxe4 Be7 6. Bxf6 Bxf6 7. Nf3 O-O 8.
Qd2 Be7 9. Bd3 b6 10. O-O-O Ba6 11. h4 c5 12. Neg5 Bxd3 13. Qxd3 g6 14. Qe4 Qd5
15. Qxd5 exd5 16. dxc5 Bxc5 17. Rxd5 Bxf2 18. h5 Be3+ 19. Kb1 Nc6 20. Rd6 Rac8
21. c3 Bc5 22. Rd7 Rcd8 23. Ne4 Be7 24. Rhd1 Nb8 25. Rxd8 Rxd8 26. Rxd8+ Bxd8
27. Kc2 Kg7 28. Kd3 f5 29. Nd6 Kf6 30. hxg6 hxg6 31. Nd4 f4 32. Ke4 g5 33. b4
Kg6 34. Nc8 a6 35. Ne6 Bf6 36. c4 b5 37. cxb5 axb5 38. Na7 Kh5 39. Kf5 Be7 40.
Nxb5 Kh4 41. Nc3 Kg3 42. Nd5 Bd6 43. Nxg5 Kxg2 44. Nxf4+ Kf1 45. b5 Ke1 46. a4
Bc7 47. Nd5 Ba5 48. Ne4 Kd1 49. Ke6 Kc2 50. Nc5 Kb2 51. b6 Bxb6 52. Nxb6 Nc6
53. Kd5 Nb4+ 54. Kc4 Nc6 55. Nb3 Ka3 56. Nd4 Na5+ 57. Kb5 Nb7 58. Nc4+ 1-0

[Event "Championnat de Paris open Fide"]
[Site "Paris"]
[Date "2016.07.13"]
[Round "5.19"]
[White "Rabeyrin, Jean-Jacques"]
[Black "Justo, Damian"]
[Result "0-1"]
[WhiteElo "2239"]
[BlackElo "2304"]
[PlyCount "152"]
[EventDate "2016.??.??"]

1. e4 e6 2. d4 d5 3. Nd2 a6 4. c3 c5 5. dxc5 Bxc5 6. Nb3 Ba7 7. exd5 Nf6 8. Bd3
Qxd5 9. Qf3 Nc6 10. Qxd5 Nxd5 11. Nf3 e5 12. O-O Bg4 13. Be4 Nde7 14. h3 Be6
15. Re1 f6 16. Be3 Bxe3 17. Rxe3 O-O-O 18. Nc5 Bf7 19. b4 Bc4 20. a4 b6 21.
Nxa6 Bxa6 22. b5 Bb7 23. bxc6 Nxc6 24. c4 Na5 25. Rb1 Bxe4 26. Rxe4 Kc7 27. Rb5
Rd1+ 28. Kh2 Nb7 29. Re2 Ra8 30. Reb2 Rd6 31. R5b4 Nc5 32. Ra2 Ra6 33. Nd2 Rd8
34. Nb1 Rd3 35. Na3 Kc6 36. Nb5 Ra8 37. f3 Na6 38. Rb1 Nc5 39. Rb4 Ra5 40. Ra1
Rb3 41. Rxb3 Nxb3 42. Ra3 Nd2 43. Rd3 Nxc4 44. Nc3 Nb2 45. Rd8 Nxa4 46. Ne4 Nc5
47. Ng3 Ra7 48. Nf5 Rd7 49. Rg8 g6 50. Ne3 Ne6 51. Ng4 Rf7 52. Re8 Nc7 53. Rb8
Nd5 54. Nf2 Rb7 55. Rc8+ Kd7 56. Rc1 f5 57. Nd3 Kd6 58. Rd1 Rd7 59. f4 e4 60.
Ne5 Rc7 61. h4 Ke6 62. g3 b5 63. Ra1 Rc2+ 64. Kh3 Ne3 65. Re1 Nc4 66. Nc6 Kd6
67. Nd4 Rb2 68. h5 Kd5 69. hxg6 hxg6 70. Ne2 Rxe2 71. Rxe2 Kd4 72. Kh4 Kd3 73.
Re1 e3 74. Kg5 e2 75. Kxg6 Ne3 76. Rb1 Kc2 0-1

[Event "Championnat de Paris open Fide"]
[Site "Paris"]
[Date "2016.07.13"]
[Round "5.20"]
[White "Alfred, Nathan S W"]
[Black "Kambrath, Yannick"]
[Result "1-0"]
[WhiteElo "2264"]
[BlackElo "2376"]
[PlyCount "69"]
[EventDate "2016.??.??"]

1. d4 Nf6 2. c4 e6 3. Nf3 b6 4. g3 Bb7 5. Bg2 g6 6. Bg5 h6 7. Bf4 g5 8. Bc1 Bg7
9. O-O O-O 10. h4 g4 11. Nh2 Bxg2 12. Kxg2 d5 13. Nc3 c5 14. e4 cxd4 15. e5
dxc3 16. exf6 Qxf6 17. Nxg4 Qg6 18. h5 Qe4+ 19. f3 Qxc4 20. Bxh6 Bxh6 21. Nxh6+
Kh7 22. Ng4 f5 23. Rc1 fxg4 24. Rxc3 gxf3+ 25. Rfxf3 Qe4 26. Rce3 Qb4 27. Qc2+
Kh8 28. Rxe6 Rxf3 29. Rh6+ Kg8 30. Qh7+ Kf8 31. Qh8+ Kf7 32. Rh7+ Ke6 33. Qe8+
Kd6 34. Qe7+ Kc6 35. Qxb4 1-0

[Event "Championnat de Paris open Fide"]
[Site "Paris"]
[Date "2016.07.13"]
[Round "5.21"]
[White "Gatineau, Yovann"]
[Black "Louis, Thibault"]
[Result "1/2-1/2"]
[WhiteElo "2206"]
[BlackElo "2307"]
[PlyCount "46"]
[EventDate "2016.??.??"]

1. d4 Nf6 2. c4 e6 3. Nf3 b6 4. g3 Bb4+ 5. Bd2 Bxd2+ 6. Qxd2 Ba6 7. Qc2 Bb7 8.
Bg2 O-O 9. Nc3 d5 10. O-O c5 11. Rfd1 Qe7 12. cxd5 exd5 13. Rac1 Nc6 14. b3
Rac8 15. dxc5 bxc5 16. Na4 Nb4 17. Qb2 d4 18. a3 Nbd5 19. b4 cxb4 20. axb4 Rxc1
21. Rxc1 Nxb4 22. Nc5 Bxf3 23. Bxf3 a5 1/2-1/2

[Event "Championnat de Paris open Fide"]
[Site "Paris"]
[Date "2016.07.13"]
[Round "5.22"]
[White "Midonet, Matthieu"]
[Black "Kathmale, Sameer"]
[Result "1-0"]
[WhiteElo "2213"]
[BlackElo "2298"]
[PlyCount "135"]
[EventDate "2016.??.??"]

1. e4 e6 2. d4 d5 3. Nc3 Bb4 4. Bd3 dxe4 5. Bxe4 Nf6 6. Bf3 c5 7. a3 Ba5 8.
dxc5 Bxc3+ 9. bxc3 Qxd1+ 10. Kxd1 e5 11. Rb1 e4 12. Be2 O-O 13. Be3 Nd5 14. Bd4
Rd8 15. Kc1 Nc6 16. Bc4 Rb8 17. Ne2 Be6 18. Bb3 Na5 19. Re1 Nxb3+ 20. cxb3 Rbc8
21. Kb2 Bg4 22. Ng3 e3 23. fxe3 Re8 24. c4 Nc7 25. b4 Bd7 26. Rbd1 g6 27. Rd2
f5 28. Ne2 Ne6 29. Red1 Ba4 30. Rc1 Bc6 31. Nc3 Ng5 32. Nd5 Ne4 33. Rdd1 Rcd8
34. Nf4 g5 35. Nd3 Ba4 36. Rf1 f4 37. Nxf4 gxf4 38. Rxf4 Bd7 39. Kc2 Re6 40.
Rcf1 Rde8 41. Kd3 R6e7 42. R1f3 a6 43. a4 h6 44. b5 a5 45. Rh4 Kh7 46. Rff4 Kg6
47. g4 Re6 48. Rh5 Nf6 49. Rxf6+ Rxf6 50. Bxf6 Kxf6 51. Rxh6+ Kg5 52. Rb6 Bc8
53. h3 Kh4 54. Rh6+ Kg3 55. Kd4 Be6 56. Rh7 Rd8+ 57. Kc3 Rd1 58. Rxb7 Rc1+ 59.
Kd4 Kxh3 60. g5 Kg4 61. Ke5 Bxc4 62. g6 Kg5 63. g7 Kg6 64. c6 Bf7 65. Kd6 Kxg7
66. Rxf7+ Kxf7 67. b6 Rd1+ 68. Kc7 1-0

[Event "Championnat de Paris open Fide"]
[Site "Paris"]
[Date "2016.07.13"]
[Round "5.23"]
[White "Eden, James"]
[Black "Pruvot, Louis"]
[Result "1-0"]
[WhiteElo "2293"]
[BlackElo "2216"]
[PlyCount "51"]
[EventDate "2016.??.??"]

1. e4 e5 2. Nf3 Nc6 3. Bc4 Bc5 4. c3 Nf6 5. d3 a6 6. a4 Ba7 7. O-O O-O 8. Bg5
h6 9. Bh4 d6 10. h3 Be6 11. Nbd2 Qe7 12. b4 Nd8 13. Re1 Bxc4 14. Nxc4 Ne6 15.
d4 exd4 16. Nxd4 Bxd4 17. cxd4 g5 18. Bg3 d5 19. exd5 Nxd5 20. Ne5 Rfe8 21. Ng4
Qf8 22. Re5 c6 23. Rxd5 cxd5 24. Nf6+ Kh8 25. Be5 Ng7 26. Qd3 1-0

[Event "Championnat de Paris open Fide"]
[Site "Paris"]
[Date "2016.07.14"]
[Round "6.1"]
[White "Moiseenko, Alexander"]
[Black "Moussard, Jules"]
[Result "0-1"]
[WhiteElo "2649"]
[BlackElo "2521"]
[PlyCount "114"]
[EventDate "2016.??.??"]

1. d4 Nf6 2. c4 b6 3. f3 Nc6 4. Nc3 e5 5. d5 Nb8 6. e3 Bb4 7. Bd2 c6 8. a3 Bc5
9. b4 Bd6 10. Bd3 a5 11. b5 cxd5 12. cxd5 Bc5 13. Na4 Be7 14. Ne2 d6 15. e4
Nbd7 16. O-O O-O 17. Ng3 Nc5 18. Nxc5 dxc5 19. f4 Nd7 20. Bc3 exf4 21. Nh5 g6
22. e5 c4 23. Bc2 Bc5+ 24. Kh1 Qg5 25. Rxf4 Bb7 26. h4 Qxh5 27. Qxh5 gxh5 28.
Rf5 h6 29. Rd1 Rfe8 30. Rxh5 Bf8 31. Rd4 Bg7 32. Rg4 Kf8 33. Rxg7 Kxg7 34. e6+
f6 35. exd7 Rf8 36. Bd2 Rh8 37. d6 Rad8 38. Bf5 Bd5 39. Bg4 Bf7 40. Rf5 h5 41.
Bh3 Be6 42. Rf3 Bxh3 43. Rxh3 Rxd7 44. Bf4 Rc8 45. Rc3 Kg6 46. g3 Kf5 47. Kg2
Ke4 48. Re3+ Kd5 49. Kf3 c3 50. Re1 c2 51. Rc1 Kd4 52. a4 Kd3 53. Re1 Kc3 54.
g4 hxg4+ 55. Kxg4 Rc4 56. Kf5 Rxf4+ 57. Kxf4 Rxd6 0-1

[Event "Championnat de Paris open Fide"]
[Site "Paris"]
[Date "2016.07.14"]
[Round "6.2"]
[White "Abergel, Thal"]
[Black "Hemant, Sharma Del"]
[Result "1/2-1/2"]
[WhiteElo "2457"]
[BlackElo "2299"]
[PlyCount "24"]
[EventDate "2016.??.??"]

1. e4 c5 2. Nc3 Nc6 3. Bb5 Nd4 4. Bc4 e6 5. Nf3 Ne7 6. O-O Nec6 7. d3 Be7 8.
Nxd4 cxd4 9. Ne2 O-O 10. Bb3 b5 11. c3 Bc5 12. Kh1 a5 1/2-1/2

[Event "Championnat de Paris open Fide"]
[Site "Paris"]
[Date "2016.07.14"]
[Round "6.3"]
[White "Fedorchuk, Sergey A"]
[Black "Loiseau, Quentin"]
[Result "1-0"]
[WhiteElo "2624"]
[BlackElo "2436"]
[PlyCount "95"]
[EventDate "2016.??.??"]

1. e4 e5 2. Nf3 Nc6 3. Bb5 a6 4. Ba4 Nf6 5. O-O Be7 6. d3 b5 7. Bb3 d6 8. a3
O-O 9. Re1 Bg4 10. c3 d5 11. h3 Bh5 12. exd5 Nxd5 13. g4 Bg6 14. Nxe5 Nxe5 15.
Rxe5 c6 16. Qf3 Bd6 17. Bg5 f6 18. Rxd5 cxd5 19. Bxd5+ Kh8 20. Be3 Rb8 21. Be4
f5 22. gxf5 Qd7 23. Nd2 Bxf5 24. Bxf5 Rxf5 25. Qg4 Qf7 26. Ne4 Bf4 27. Bd4 Rd8
28. Re1 h6 29. Kf1 Kh7 30. Nc5 h5 31. Qg2 Rd6 32. Ne6 Bh6 33. Qe4 Qg6 34. b4
Rf7 35. Qxg6+ Kxg6 36. Nc5 Bf4 37. Re8 Kf5 38. a4 bxa4 39. Nxa4 g5 40. Nc5 g4
41. h4 Rc6 42. Kg2 Kg6 43. Ne6 Kf5 44. Nd8 Rc8 45. Rh8 Rd7 46. Rf8+ Kg6 47. Ne6
Rxd4 48. Rxc8 1-0

[Event "Championnat de Paris open Fide"]
[Site "Paris"]
[Date "2016.07.14"]
[Round "6.4"]
[White "Satyapragyan, Swayangsu"]
[Black "Sochacki, Christophe"]
[Result "0-1"]
[WhiteElo "2467"]
[BlackElo "2414"]
[PlyCount "54"]
[EventDate "2016.??.??"]

1. e4 e6 2. d4 d5 3. Nd2 e5 4. dxe5 dxe4 5. Bb5+ c6 6. Bc4 b5 7. Bb3 c5 8. c4
Bb7 9. Ne2 Nc6 10. e6 fxe6 11. O-O Ne5 12. cxb5 Qf6 13. Ng3 O-O-O 14. Qe2 Qg6
15. Ndxe4 h5 16. Ng5 Bd6 17. N3e4 Nd3 18. Rd1 Nf6 19. Nxd6+ Rxd6 20. f3 Nxc1
21. Bxe6+ Kc7 22. Qe5 Nd3 23. Qe3 Re8 24. Rd2 Bxf3 25. Rc1 Ng4 26. Qxf3 Qxg5
27. Rcd1 Rexe6 0-1

[Event "Championnat de Paris open Fide"]
[Site "Paris"]
[Date "2016.07.14"]
[Round "6.5"]
[White "Shirazi, Kamran"]
[Black "Mohammad Nubairshah"]
[Result "1-0"]
[WhiteElo "2350"]
[BlackElo "2415"]
[PlyCount "79"]
[EventDate "2016.??.??"]

1. e4 c5 2. f4 d5 3. exd5 Nf6 4. c4 e6 5. dxe6 Bxe6 6. Be2 Nc6 7. Nf3 Bd6 8. d3
Qc7 9. Nc3 Bxf4 10. Nb5 Qa5+ 11. Bd2 Bxd2+ 12. Qxd2 Qxd2+ 13. Nxd2 O-O-O 14.
Nb3 Rhe8 15. O-O-O a6 16. Nc3 b6 17. h3 Bf5 18. g4 Nd4 19. Bf1 Nxb3+ 20. axb3
Bg6 21. Rh2 Re3 22. g5 Nd7 23. Nd5 Re5 24. h4 Bh5 25. d4 cxd4 26. Bh3 Bxd1 27.
Kxd1 Kb7 28. Rf2 f6 29. Bg2 Ka7 30. gxf6 Nxf6 31. Nb4 Rd6 32. Nc6+ Rxc6 33.
Bxc6 Re6 34. Bh1 Re3 35. Rg2 Nh5 36. Rg5 g6 37. Rd5 Rxb3 38. Rd8 b5 39. c5 Rxb2
40. Ra8# 1-0

[Event "Championnat de Paris open Fide"]
[Site "Paris"]
[Date "2016.07.14"]
[Round "6.6"]
[White "Antonio, Viani D'Cunha"]
[Black "Philippe, Guillaume"]
[Result "0-1"]
[WhiteElo "2305"]
[BlackElo "2321"]
[PlyCount "40"]
[EventDate "2016.??.??"]

1. e4 c5 2. Nf3 d6 3. d4 cxd4 4. Nxd4 Nf6 5. Nc3 a6 6. h3 e6 7. g4 b5 8. g5 b4
9. gxf6 bxc3 10. fxg7 Bxg7 11. bxc3 Nd7 12. Rg1 Be5 13. f4 Qh4+ 14. Ke2 Bf6 15.
Bg2 a5 16. Nf3 Ba6+ 17. Ke3 Qh5 18. Qxd6 Be7 19. Qc6 Bc5+ 20. Nd4 Qe2# 0-1

[Event "Championnat de Paris open Fide"]
[Site "Paris"]
[Date "2016.07.14"]
[Round "6.7"]
[White "Belkhodja, Slim"]
[Black "Sundararajan, Kidambi"]
[Result "1/2-1/2"]
[WhiteElo "2417"]
[BlackElo "2456"]
[PlyCount "101"]
[EventDate "2016.??.??"]

1. e4 e6 2. d3 d5 3. Nd2 c5 4. Ngf3 Nc6 5. g3 g6 6. Bg2 Bg7 7. O-O Nge7 8. Re1
b6 9. c3 a5 10. a4 O-O 11. exd5 exd5 12. Nb1 Bf5 13. Na3 Qd7 14. Nb5 d4 15.
cxd4 cxd4 16. Bf4 Nd5 17. Be5 Ndb4 18. Bxg7 Kxg7 19. Rc1 Rac8 20. Bf1 Bg4 21.
h3 Bxh3 22. Bxh3 Qxh3 23. Rc4 Rce8 24. Nbxd4 Nxd4 25. Rxd4 Qf5 26. Rde4 Qd7 27.
Ne5 Qd5 28. Qd2 f6 29. Ng4 Rxe4 30. Qh6+ Kg8 31. Rxe4 Qd7 32. Qf4 Nd5 33. Qf3
f5 34. Rd4 fxg4 35. Qxd5+ Qxd5 36. Rxd5 Rf5 37. Rd4 b5 38. Rxg4 Rd5 39. axb5
Rxd3 40. Ra4 Rb3 41. Rxa5 Rxb2 42. Kg2 Kg7 43. Kf3 h5 44. Ra7+ Kf6 45. Rb7 g5
46. b6 h4 47. gxh4 gxh4 48. Rb8 h3 49. b7 Kg7 50. Kg3 h2 51. Kxh2 1/2-1/2

[Event "Championnat de Paris open Fide"]
[Site "Paris"]
[Date "2016.07.14"]
[Round "6.8"]
[White "Micottis, Dorian"]
[Black "Song, Julien"]
[Result "0-1"]
[WhiteElo "2248"]
[BlackElo "2338"]
[PlyCount "50"]
[EventDate "2016.??.??"]

1. e4 e5 2. Nf3 Nc6 3. d4 exd4 4. Bc4 Nf6 5. e5 d5 6. Bb5 Ne4 7. Nxd4 Bc5 8.
O-O O-O 9. Bxc6 bxc6 10. Be3 Qe8 11. f3 Nd6 12. f4 f6 13. e6 Bxe6 14. Re1 Ne4
15. Nd2 Bxd4 16. Bxd4 Bf5 17. Bc5 Rf7 18. g4 Qd7 19. gxf5 Nxc5 20. Qg4 g6 21.
b4 Rg7 22. Kh1 gxf5 23. Qh4 Ne4 24. Nxe4 fxe4 25. Qxf6 Qh3 0-1

[Event "Championnat de Paris open Fide"]
[Site "Paris"]
[Date "2016.07.14"]
[Round "6.9"]
[White "Gahan M G"]
[Black "Manoeuvre, Antoine"]
[Result "1/2-1/2"]
[WhiteElo "2249"]
[BlackElo "2314"]
[PlyCount "38"]
[EventDate "2016.??.??"]

1. e4 c6 2. d4 d5 3. exd5 cxd5 4. c4 Nf6 5. Nc3 Nc6 6. Nf3 Bg4 7. cxd5 Nxd5 8.
Qb3 Bxf3 9. gxf3 e6 10. Qxb7 Nxd4 11. Bb5+ Nxb5 12. Qc6+ Ke7 13. Qxb5 Qd7 14.
Nxd5+ Qxd5 15. Qxd5 exd5 16. Be3 Ke6 17. O-O-O Bb4 18. Rd4 Rhc8+ 19. Kb1 Rab8
1/2-1/2

[Event "Championnat de Paris open Fide"]
[Site "Paris"]
[Date "2016.07.14"]
[Round "6.10"]
[White "Bellahcene, Bilel"]
[Black "Msellek, Ilyass"]
[Result "0-1"]
[WhiteElo "2498"]
[BlackElo "2209"]
[PlyCount "64"]
[EventDate "2016.??.??"]

1. e4 d6 2. d4 Nf6 3. Nc3 e5 4. Nge2 c6 5. a4 Be7 6. h3 Nbd7 7. g4 exd4 8. Qxd4
d5 9. exd5 Bc5 10. Qd2 cxd5 11. Bg2 O-O 12. O-O Ne5 13. Rd1 Be6 14. Nd4 Nc6 15.
Nb3 Bb6 16. g5 Ne4 17. Nxe4 dxe4 18. a5 e3 19. Qe2 exf2+ 20. Kh1 Bc4 21. Qf3
Qe7 22. axb6 Qe1+ 23. Kh2 Be2 24. Rxe1 fxe1=Q 25. Qf4 Qd1 26. Be3 Qxc2 27. Nc5
Qxb2 28. Re1 Bh5 29. Rf1 axb6 30. Rf2 Qe5 31. Nxb7 Qxf4+ 32. Bxf4 Na5 0-1

[Event "Championnat de Paris open Fide"]
[Site "Paris"]
[Date "2016.07.14"]
[Round "6.11"]
[White "Justo, Damian"]
[Black "Roser, Kevin"]
[Result "1-0"]
[WhiteElo "2304"]
[BlackElo "2394"]
[PlyCount "99"]
[EventDate "2016.??.??"]

1. d4 Nf6 2. Nf3 e6 3. g3 b5 4. Qd3 a6 5. e4 Bb7 6. e5 Nd5 7. Bg2 d6 8. O-O Nd7
9. a4 b4 10. Nbd2 Be7 11. h4 h6 12. Re1 a5 13. Qe4 O-O 14. Qg4 Kh7 15. Ne4 Qc8
16. Qh5 dxe5 17. dxe5 Nc5 18. Nxc5 Bxc5 19. Ng5+ Kg8 20. Ne4 Be7 21. Bxh6 gxh6
22. Qxh6 f5 23. exf6 Bxf6 24. Ng5 Qd7 25. Bh3 Ra6 26. Bxe6+ Rxe6 27. Nxe6 Re8
28. Qg6+ Kh8 29. Ng5 Rf8 30. Re8 Rxe8 31. Nf7+ Qxf7 32. Qxf7 Re7 33. Qf8+ Kh7
34. Rd1 Re5 35. Kh2 Bg7 36. Qf7 Nf6 37. Qxc7 Bf3 38. Kg1 Nd5 39. Qc4 Kh8 40.
Rf1 Be4 41. Re1 Nb6 42. Qc7 Nxa4 43. Rxe4 Rxe4 44. Qc8+ Kh7 45. Qf5+ Kh8 46.
Qc8+ Kh7 47. Qf5+ Kh8 48. Qxe4 Nxb2 49. Qa8+ Kh7 50. Qxa5 1-0

[Event "Championnat de Paris open Fide"]
[Site "Paris"]
[Date "2016.07.14"]
[Round "6.12"]
[White "Konguvel, Ponnuswamy"]
[Black "Salles, Louis"]
[Result "1-0"]
[WhiteElo "2379"]
[BlackElo "2207"]
[PlyCount "81"]
[EventDate "2016.??.??"]

1. e4 e6 2. d4 d5 3. Nc3 Bb4 4. e5 c5 5. a3 Bxc3+ 6. bxc3 Ne7 7. Qg4 cxd4 8.
Qxg7 Rg8 9. Qxh7 Qc7 10. Ne2 Nbc6 11. f4 dxc3 12. Qd3 d4 13. Rb1 b6 14. Nxd4
Nxd4 15. Qxd4 Bb7 16. Rb3 Rc8 17. Rg1 Bd5 18. Rb1 Nf5 19. Qb4 Qc5 20. Qxc5 bxc5
21. Kf2 Nd4 22. Ba6 Rd8 23. Be3 Ke7 24. g3 Rb8 25. Bxd4 cxd4 26. Rgd1 Rb2 27.
Rbc1 Be4 28. Rxd4 Bxc2 29. Ke3 Rh8 30. Rc4 Rxh2 31. Rxc3 Rg2 32. Kf3 Bf5 33.
Rc8 Rgc2 34. R1xc2 Bxc2 35. Rc3 Kd7 36. Kg4 Bd1+ 37. Kg5 Rb3 38. Rxb3 Bxb3 39.
Kf6 Ke8 40. Be2 Bd5 41. Bh5 1-0